[Event "Winnipeg TNT October op"]
[Site "Winnipeg"]
[Date "2008.10.14"]
[Round "2"]
[White "Gibbons, Lorne"]
[Black "Daase, Jason"]
[Result "1-0"]
[WhiteElo "1202"]
[BlackElo "1238"]
[PlyCount "41"]
[EventDate "2008.10.07"]
[EventType "swiss"]
[EventRounds "4"]
[EventCountry "CAN"]
[SourceTitle "EXT 2011"]
[Source "ChessBase"]
[SourceDate "2010.11.26"]
[SourceVersion "1"]
[SourceVersionDate "2010.11.26"]
[SourceQuality "1"]

1. d4 Nf6 2. c4 e6 3. a3 Nc6 4. Nc3 g6 5. Bf4 d6 6. e4 Bg7 7. Nf3 0-0 8. e5 Nh5 9. Bg5 Qd7 10. g4 f6 11. gxh5 fxg5 12. exd6 Rxf3 13. Qxf3 Nxd4 14. Qd1 e5 15. hxg6 cxd6 16. gxh7+ Kxh7 17. Bd3+ Kh6 18. h4 Nf3+ 19. Qxf3 Qc6 20. hxg5+ Kxg5 21. Rh5# 1-0

[Event "Winnipeg TNT September op"]
[Site "Winnipeg"]
[Date "2008.09.02"]
[Round "1"]
[White "Rutter, Blair A"]
[Black "Daase, Jason"]
[Result "1-0"]
[WhiteElo "1881"]
[BlackElo "1020"]
[PlyCount "59"]
[EventDate "2008.09.02"]
[EventType "swiss"]
[EventRounds "5"]
[EventCountry "CAN"]
[SourceTitle "EXT 2011"]
[Source "ChessBase"]
[SourceDate "2010.11.26"]
[SourceVersion "1"]
[SourceVersionDate "2010.11.26"]
[SourceQuality "1"]

1. c4 Nf6 2. g3 e6 3. Bg2 Nc6 4. Nc3 Bb4 5. e4 Bxc3 6. bxc3 d5 7. cxd5 exd5 8. exd5 Nxd5 9. Ba3 Be6 10. Nf3 Qd7 11. 0-0 0-0-0 12. Rb1 Nb6 13. Qc2 Bf5 14. Qb3 Bxb1 15. Rxb1 Rhe8 16. d4 Qe6 17. Qc2 Nc4 18. Bc1 Qe2 19. Qxe2 Rxe2 20. Bf1 Rxa2 21. Bxc4 Rc2 22. Bb2 f5 23. Bd3 Rxb2 24. Bxf5+ Kb8 25. Rxb2 g6 26. Be4 Ne7 27. Rxb7+ Kc8 28. Rxa7 Nf5 29. Ne5 Rd7 30. Ra8# 1-0